Skúmanie metabolických zmien v rôznych patologických modeloch u hlodavcov pomocou in vivo NMR
Gespeichert in:
| 1. Verfasser: | |
|---|---|
| Format: | Buch |
| Sprache: | Englisch |
| Veröffentlicht: |
Bratislava
STU FCHPT
2006
|
| Online-Zugang: | Im OPAC anzeigen |
| Tags: |
Keine Tags, Fügen Sie das erste Tag hinzu!
|
MARC
| LEADER | 00000nam a2200000 a 4500 | ||
|---|---|---|---|
| 005 | 20260127134055.0 | ||
| 008 | 060607 2006 xo 000 0 eng d | ||
| 035 | |a vtls008772707 | ||
| 039 | 9 | |y 200606131051 |z mschk03 | |
| 040 | |a STUSCHK1 |b slo |c STUSCHK1 |e AACR2 | ||
| 100 | 1 | |a Kačmarská, Kristína | |
| 245 | 1 | |a Skúmanie metabolických zmien v rôznych patologických modeloch u hlodavcov pomocou in vivo NMR | |
| 260 | |a Bratislava |b STU FCHPT |c 2006 | ||
| 300 | |a 85 s. |b tab.,grafy, lit. + CD-ROM | ||
| 500 | |a Obháj.:5.6. 2006 | ||
| 500 | |a Špec.: Fyzikálna chémia | ||
| 500 | |a Ústav fyzikálnej chémie a chemickej fyziky | ||
| 910 | |a SCHK95 | ||
| 999 | |c 3450 |d 3450 | ||